000 00685nam a22002297a 4500
005 20140728135729.0
008 140728b xxu||||| |||| 00| 0 eng d
020 _a9788184841510
_c1880.00
040 _aLoreto College
082 _a304.28
_bTHA
245 _aEnvironment and economic development
_cEdited by Anil Kumar Thakur and S.S.Somra
260 _aNew Delhi
_bRegal Publications
_c2012
300 _axxiii,452p
_b22cm
504 _aIncludes index
610 _aThe Indian Economic Association
650 _aClimate change-Impact
650 _aEconomy and environment
700 _4ed.
_aThakur,Anil Kumar
700 _4ed.
_aSomra,S.S.
850 _aLCLIB
942 _cBK
999 _c39415
_d89894